Stabilizácia supravodičov s depozitne nanesenou vrstvou Nb3Sn. /

Uložené v:
Podrobná bibliografia
Hlavný autor: Synak, Dušan (Autor)
Médium: Rukopis Kniha
Vydavateľské údaje: Bratislava : SVŠT v Bratislave SjF, 1976
Tagy: Pridať tag
Žiadne tagy, Buďte prvý, kto otaguje tento záznam!

MARC

LEADER 00000ntm a22000003a 4500
001 stu47589
005 20150617225711.0
008 ------s1976----cs----------------------d
040 |a STU  |b slo 
041 0
044 |a cs 
080 |a 537.312.62  |7 stu_us_auth*stu5530 
080 |a 669.293'6  |7 stu_us_auth*stu1417 
080 |a 621.793.5 
100 1 |a Synak, Dušan  |4 aut 
245 1 |a Stabilizácia supravodičov s depozitne nanesenou vrstvou Nb3Sn. /  |c [aut.] Synak,Dušan 
260 |a Bratislava :  |b SVŠT v Bratislave SjF,  |c 1976 
300 |a 115 s 
996 |b J56112  |c J*56112/DIZ.  |l JJSK  |s A  |a 24  |w stu47589_0001